Carregant...

K. V. Anoopinte kathakal /

Dades bibliogràfiques
Autor principal: Anoop, K. V.
Idioma:Undetermined
Publicat: Kozhikode : Mathrubhumi Books , 2015.
Edició:2nd ed.
LEADER 00552nam a2200169Ia 4500
001 191360
008 170722s9999 xx 000 0 und d
020 |a 9788182665132 
100 |a Anoop, K. V. 
245 |a K. V. Anoopinte kathakal / 
250 |a 2nd ed. 
260 |a Kozhikode :  |b Mathrubhumi Books ,  |c 2015. 
300 |a 248 p. 
923 |d 20151214  |n 001058 
942 |c GEN 
999 |c 155018  |d 155018 
952 |0 0  |1 0  |4 0  |6 O_3231N7212X_Q5KR  |7 0  |8 KR  |9 217813  |a LIB  |b LIB  |d 2016-01-14  |e Mathrubhumi Books  |o O32,31N7212x Q5(KR)  |p 300515  |r 2017-08-12  |v 190.00  |w 2017-08-12  |y GEN